| 000 | 004320000a22001810004500 | ||
|---|---|---|---|
| 003 | MACL | ||
| 005 | 20150825133759.0 | ||
| 008 | 150825b xxu||||| |||| 00| 0 eng d | ||
| 040 |
_aMACL _cMACL |
||
| 041 | _aEnglish | ||
| 082 | _a677.33 | ||
| 100 |
_aAnanthanarayanan, S K _9818 |
||
| 245 | _aSilkworm Rearing | ||
| 260 |
_bBiotech Books _c2008 _aNew Delhi |
||
| 350 | _a795 | ||
| 650 |
_aTextiles _96971 |
||
| 942 |
_cBK _k677.39 _2ddc |
||
| 999 |
_c8810 _d8810 |
||